Kabale University Library Catalogue

Three comedies : (Record no. 5863)

MARC details
000 -LEADER
fixed length control field 00948cam a2200301u 4500
001 - CONTROL NUMBER
control field 7533373
003 - CONTROL NUMBER IDENTIFIER
control field OSt
005 - DATE AND TIME OF LATEST TRANSACTION
control field 20260128144944.0
008 - FIXED-LENGTH DATA ELEMENTS--GENERAL INFORMATION
fixed length control field 830517s1966 mdu 000 0 eng
010 ## - LIBRARY OF CONGRESS CONTROL NUMBER
LC control number 66007549
035 ## - SYSTEM CONTROL NUMBER
System control number 7533373
040 ## - CATALOGING SOURCE
Original cataloging agency KABLIB
Transcribing agency KABLIB
Modifying agency KABLIB
050 00 - LIBRARY OF CONGRESS CALL NUMBER
Classification number PR2602
Item number .J3 1966a
082 ## - DEWEY DECIMAL CLASSIFICATION NUMBER
Edition number 23
Classification number 817
Item number JON
100 1# - MAIN ENTRY--PERSONAL NAME
Personal name Jonson, Ben,
Dates associated with a name 1573?-1637.
9 (RLIN) 14779
240 10 - UNIFORM TITLE
Uniform title Plays.
Form subheading Selections
245 10 - TITLE STATEMENT
Title Three comedies :
Remainder of title Volpone, The alchemist [and] Bartholomew fair.
260 ## - PUBLICATION, DISTRIBUTION, ETC.
Place of publication, distribution, etc. Baltimore,
Name of publisher, distributor, etc. Penguin Books
Date of publication, distribution, etc. [1966]
300 ## - PHYSICAL DESCRIPTION
Extent 488 p.
Dimensions 19 cm.
336 ## - CONTENT TYPE
Content type term text
Content type code txt
Source rdacontent
337 ## - MEDIA TYPE
Media type term unmediated
Media type code n
Source rdamedia
338 ## - CARRIER TYPE
Carrier type term volume
Carrier type code nc
Source rdacarrier
700 1# - ADDED ENTRY--PERSONAL NAME
Personal name Jamieson, Michael
Fuller form of name (Michael S.)
9 (RLIN) 14780
906 ## - LOCAL DATA ELEMENT F, LDF (RLIN)
a 0
b cbc
c premunv
d u
e ncip
f 19
g y-gencatlg
942 ## - ADDED ENTRY ELEMENTS (KOHA)
Source of classification or shelving scheme Dewey Decimal Classification
Koha item type Book
Holdings
Withdrawn status Lost status Source of classification or shelving scheme Damaged status Not for loan Home library Current library Date acquired Total Checkouts Full call number Barcode Date last seen Price effective from Koha item type
    Dewey Decimal Classification     Education Library Education Library 28.01.2026   817 JON 14222 28.01.2026 28.01.2026 Book
    Dewey Decimal Classification     Education Library Education Library 28.01.2026   817 JON 14223 28.01.2026 28.01.2026 Book
    Dewey Decimal Classification     Education Library Education Library 28.01.2026   817 JON 14224 28.01.2026 28.01.2026 Book
    Dewey Decimal Classification     Education Library Education Library 28.01.2026   817 JON 14225 28.01.2026 28.01.2026 Book
    Dewey Decimal Classification     Education Library Education Library 28.01.2026   817 JON 14226 28.01.2026 28.01.2026 Book

Kabale University Library | Kabale University P.O Box 317, Kabale, Uganda
Tel : +256754017033, +256774661503 E-mail : library@kab.ac.ug